| 000 | 00342nam a2200097Ia 4500 | ||
|---|---|---|---|
| 008 | 220120s9999||||xx |||||||||||||| ||und|| | ||
| 100 |
_aHarish G.R, Anvesh N, Chidambara R and Girish D _912419 |
||
| 245 | 0 | _aPC based remote controlled worship | |
| 260 |
_aCoorg Institute of Technology _bPonnampet _c2012 |
||
| 650 | _aELECTRONICS AND COMMUNICATIONS | ||
| 999 |
_c138006 _d138006 |
||